000 00266nam a2200109Ia 4500
008 200302s9999 xx 000 0 und d
100 _aBrian Mooney
245 _aShaping History 100 great leaders
260 _bIndigo Books Canada
260 _c2004
300 _a207 P.,
999 _c4129
_d4129